002610000a220010900045000410008000000820018000081000017000262450052000432600038000953000012001330010006001450 aENG04aG 828.9 K364s1 aKenner, Hugh10aSamuel Beckett : A critical study / Hugh Kenner aLondon, Great Britain : J. Calder a208 Pag10898